ESTUDIOS DE PSICOLOGIA SOCIAL /

Bewaard in:
Bibliografische gegevens
Hoofdauteur: Germani, Gino (autor)
Formaat: Boek
Reeks:CUADERNOS DE SOCIOLOGIA
Onderwerpen:
Tags: Voeg label toe
Geen labels, Wees de eerste die dit record labelt!

MARC

LEADER 00000nam^a2200000^a^4500
001 000232454
005 20250521000000.0
009 20260310104603.403
035 |a 053555 
037 |a Acervo Xavier Clavigero 
082 |a 302.  |b GER 
100 |a Germani, Gino  |e (autor) 
245 1 0 |a ESTUDIOS DE PSICOLOGIA SOCIAL /  |c GINO GERMANI 
264 |a México :  |b UNAM,  |c 1960 
300 |a 112p. 
336 |a texto  |b txt  |2 rdacontenido 
337 |a sin mediación  |b n  |2 rdamedio 
338 |a volumen  |b nc  |2 rdasoporte 
440 |a CUADERNOS DE SOCIOLOGIA 
649 |a XX 
650 |a PSICOLOGIA SOCIAL. 
910 |a Fondo General 
920 |a Impresos - Libros 
930 |a Colección General 
905 |a 101 
901 |a 053555  |b IT1  |c ACC  |i 053555  |u 20250521 
902 |a https://opac.biblio.iteso.mx/vufind/Record/000232454